[Event "Polanica Zdroj op-A 44th"]
[Site "Polanica Zdroj"]
[Date "2008.08.21"]
[Round "3"]
[White "Barski, Radoslaw"]
[Black "Wierzbicka, Wiktoria"]
[Result "1-0"]
[WhiteElo "2154"]
[BlackElo "2033"]
[PlyCount "65"]
[EventDate "2008.08.19"]
[EventType "swiss"]
[EventRounds "10"]
[EventCountry "POL"]
[SourceTitle "CBM 126 Extra"]
[Source "ChessBase"]
[SourceDate "2008.11.05"]
[SourceVersion "1"]
[SourceVersionDate "2008.11.05"]
[SourceQuality "1"]

1. d4 d5 2. c4 c6 3. Nc3 Nf6 4. Nf3 e6 5. e3 Nbd7 6. Qc2 Bd6 7. g4 Bb4 8. Bd2 Qe7 9. g5 Bxc3 10. Bxc3 Ne4 11. Bd3 Nxg5 12. Nxg5 Qxg5 13. Bb4 f5 14. 0-0-0 dxc4 15. Bxc4 Nb6 16. Bd3 Nd5 17. Bd6 Qd8 18. Ba3 a5 19. Rhg1 Rg8 20. e4 Nb4 21. Qc5 b5 22. Bb1 g6 23. Bxb4 axb4 24. exf5 Qc7 25. fxg6 Qf4+ 26. Rd2 Bd7 27. Qe5 Qxe5 28. dxe5 Ke7 29. g7 Be8 30. Bxh7 Rxa2 31. Kb1 Bg6+ 32. Rxg6 Raa8 33. Rd6 1-0

[Event "Polanica Zdroj op-A 44th"]
[Site "Polanica Zdroj"]
[Date "2008.08.19"]
[Round "1"]
[White "Kocwin, Bartosz"]
[Black "Wierzbicka, Wiktoria"]
[Result "1-0"]
[WhiteElo "2245"]
[BlackElo "2033"]
[PlyCount "79"]
[EventDate "2008.08.19"]
[EventType "swiss"]
[EventRounds "10"]
[EventCountry "POL"]
[SourceTitle "CBM 126 Extra"]
[Source "ChessBase"]
[SourceDate "2008.11.05"]
[SourceVersion "1"]
[SourceVersionDate "2008.11.05"]
[SourceQuality "1"]

1. e4 c5 2. Nf3 d6 3. d4 cxd4 4. Nxd4 Nf6 5. Nc3 a6 6. Bc4 e6 7. Bb3 Be7 8. 0-0 0-0 9. f4 Nc6 10. Be3 Nxd4 11. Bxd4 b5 12. e5 dxe5 13. fxe5 Nd7 14. Ne4 Bb7 15. Nd6 Bxd6 16. exd6 Qg5 17. Qe2 Qg6 18. Rad1 Qe4 19. Qf2 a5 20. a3 Qg6 21. Rfe1 Be4 22. a4 e5 23. Be3 Rab8 24. axb5 Rxb5 25. Ba4 Rb7 26. Bxd7 Rxd7 27. Bb6 a4 28. c4 f5 29. Rd2 h5 30. c5 Rf6 31. Ba5 Qe8 32. Bc7 Rg6 33. Rxe4 fxe4 34. Qf5 e3 35. Re2 Rf6 36. Qe4 Qf7 37. h3 Rf1+ 38. Kh2 Qf4+ 39. Qxf4 Rxf4 40. Rxe3 1-0

[Event "Warsaw Najdorf Memorial op-A"]
[Site "Warsaw"]
[Date "2008.08.10"]
[Round "9"]
[White "Wierzbicka, Wiktoria"]
[Black "Barwinski, Dionizy"]
[Result "0-1"]
[WhiteElo "2033"]
[BlackElo "2183"]
[PlyCount "88"]
[EventDate "2008.08.02"]
[EventType "swiss"]
[EventRounds "9"]
[EventCountry "POL"]
[SourceTitle "CBM 125 Extra"]
[Source "ChessBase"]
[SourceDate "2008.09.01"]
[SourceVersion "1"]
[SourceVersionDate "2008.09.01"]
[SourceQuality "1"]

1. e4 c6 2. d4 d5 3. Nc3 dxe4 4. Nxe4 Nd7 5. Nf3 Ngf6 6. Ng3 e6 7. Bd3 c5 8. c3 Be7 9. 0-0 b6 10. Qe2 Bb7 11. Rd1 Qc7 12. Ne5 0-0 13. Bg5 Rfe8 14. Bb5 a6 15. Bxf6 axb5 16. Bxg7 f6 17. Bh6 Nxe5 18. dxe5 f5 19. Nh5 c4 20. Qe3 Kf7 21. Nf6 Rg8 22. Nxg8 Rxg8 23. f3 Bc5 24. Rd4 Bxd4 25. cxd4 Qd8 26. Qf4 b4 27. Rc1 b5 28. h4 Qa8 29. Kf1 Qxa2 30. Qd2 Qb3 31. Ra1 Bxf3 32. Ra7+ Ke8 33. Bg5 Bd5 34. Re7+ Kf8 35. Rc7 c3 36. bxc3 Bc4+ 37. Kg1 bxc3 38. Bh6+ Ke8 39. Qc1 Rg4 40. Qa1 Rxg2+ 41. Kh1 Ra2 42. Qe1 Bd5+ 43. Kg1 Qb2 44. Rc8+ Kd7 0-1

[Event "Warsaw Najdorf Memorial op-A"]
[Site "Warsaw"]
[Date "2008.08.05"]
[Round "4"]
[White "Wierzbicka, Wiktoria"]
[Black "Tvarijonas, Povilas"]
[Result "0-1"]
[WhiteElo "2033"]
[BlackElo "2285"]
[PlyCount "226"]
[EventDate "2008.08.02"]
[EventType "swiss"]
[EventRounds "9"]
[EventCountry "POL"]
[SourceTitle "CBM 125 Extra"]
[Source "ChessBase"]
[SourceDate "2008.09.01"]
[SourceVersion "1"]
[SourceVersionDate "2008.09.01"]
[SourceQuality "1"]

1. e4 c5 2. Nf3 d6 3. d4 cxd4 4. Nxd4 Nf6 5. Nc3 g6 6. Be3 Bg7 7. f3 0-0 8. Qd2 Nc6 9. 0-0-0 d5 10. exd5 Nxd5 11. Nxc6 bxc6 12. Bd4 e5 13. Bc5 Be6 14. Ne4 Qc7 15. Bxf8 Bxf8 16. Bc4 Rb8 17. c3 Qb6 18. b3 Kh8 19. g4 f5 20. Ng5 Bg8 21. gxf5 gxf5 22. Rhg1 Bc5 23. Rge1 Be3 24. Rxe3 Qxe3 25. Qxe3 Nxe3 26. Rd7 Nxc4 27. bxc4 Rf8 28. Re7 e4 29. fxe4 f4 30. Nh3 f3 31. Nf2 a6 32. Rc7 Rf6 33. Rc8 Kg7 34. Kd2 Bxc4 35. a3 h5 36. Ke3 Be2 37. Rc7+ Kh6 38. Rc8 Re6 39. Nh3 Bd1 40. Nf2 Be2 41. Rh8+ Kg6 42. Nh3 Rf6 43. Kf2 Bd1 44. Ra8 Be2 45. Rc8 Kf7 46. Rh8 Rg6 47. Nf4 Rg4 48. Nxe2 fxe2 49. Kxe2 Rxe4+ 50. Kf2 Re5 51. Ra8 Ra5 52. Rc8 Rc5 53. Ra8 a5 54. c4 Ke6 55. Kf3 Kd6 56. Kg3 Ke5 57. Kh4 Kd4 58. Rh8 Kxc4 59. Rxh5 Rxh5+ 60. Kxh5 Kb3 61. Kg4 c5 62. h4 c4 63. h5 c3 64. h6 c2 65. h7 c1Q 66. h8Q Qxa3 67. Qg8+ Kb2 68. Qh8+ Qc3 69. Qh2+ Kb3 70. Qh1 Qd4+ 71. Kg5 Qd2+ 72. Kg4 a4 73. Qb1+ Kc4 74. Qf1+ Qd3 75. Qf7+ Kc3 76. Qf8 Qc4+ 77. Kh5 Qd5+ 78. Kg6 Qe4+ 79. Kh5 Qe2+ 80. Kh6 Kb3 81. Qb8+ Kc2 82. Qc8+ Kd1 83. Qa8 Qe3+ 84. Kg7 Qc3+ 85. Kh7 Qd3+ 86. Kg7 a3 87. Qh1+ Kc2 88. Qg2+ Qd2 89. Qg6+ Kb2 90. Qb6+ Ka1 91. Kf8 Qf4+ 92. Ke8 Qe5+ 93. Kd8 Qb2 94. Qg1+ Ka2 95. Qg8+ Qb3 96. Qg2+ Kb1 97. Qe4+ Kb2 98. Qe2+ Kc1 99. Qf2 Qc2 100. Qf6 a2 101. Qa1+ Kd2 102. Ke8 Kd3 103. Qh1 Kd4 104. Qg1+ Kc4 105. Qf1+ Kc5 106. Qg1+ Kc6 107. Qh1+ Kc7 108. Qa1 Kc8 109. Ke7 Kb7 110. Ke8 Qg6+ 111. Kd8 Qb1 112. Qg7+ Ka6 113. Qg2 Qb8+ 0-1

[Event "POL-chT U19 1th League"]
[Site "Gorzow Wielkopolski"]
[Date "2008.07.05"]
[Round "1.29"]
[White "Ogonowska, Katarzyna"]
[Black "Wierzbicka, Wiktoria"]
[Result "1-0"]
[WhiteElo "1837"]
[BlackElo "2035"]
[PlyCount "83"]
[EventDate "2008.07.05"]
[EventType "team-tourn"]
[EventRounds "9"]
[EventCountry "POL"]
[SourceTitle "EXT 2019"]
[Source "ChessBase"]
[SourceDate "2018.10.10"]
[SourceVersion "1"]
[SourceVersionDate "2018.10.10"]
[SourceQuality "1"]
[WhiteTeam "Bogatynia UKS SP3 U19"]
[BlackTeam "Trzebinia UKS Hetman Koronny U19"]
[WhiteTeamCountry "POL"]
[BlackTeamCountry "POL"]

1. Nf3 Nf6 2. g3 d5 3. Bg2 e6 4. 0-0 Be7 5. d3 0-0 6. b3 c5 7. Nbd2 Nc6 8. e4 Qc7 9. Bb2 Rb8 10. Re1 b5 11. a4 a6 12. axb5 axb5 13. exd5 exd5 14. Ne5 Nb4 15. c3 Na6 16. c4 Nb4 17. Bc3 Bd6 18. d4 cxd4 19. Bxd4 Bc5 20. Bxc5 Qxc5 21. cxd5 Nbxd5 22. Rc1 Qb6 23. Ne4 Bb7 24. Nc5 Rfd8 25. Qe2 h6 26. Nxb7 Rxb7 27. Rc6 Qd4 28. Rxf6 Nc3 29. Qg4 Qd2 30. Rf1 h5 31. Qxh5 gxf6 32. Bxb7 fxe5 33. Qxe5 Ne2+ 34. Kg2 b4 35. Be4 Nd4 36. Bd5 Nc2 37. Bc4 Kf8 38. Kh1 Re8 39. Qh5 Qd7 40. Kg1 Na3 41. Rd1 Qc7 42. Qh8+ 1-0

[Event "Krakow Malopolski-chA"]
[Site "Krakow"]
[Date "2008.05.03"]
[Round "8.7"]
[White "Barski, Radoslaw"]
[Black "Wierzbicka, Wiktoria"]
[Result "1-0"]
[WhiteElo "2093"]
[BlackElo "1998"]
[PlyCount "77"]
[EventDate "2008.04.28"]
[EventType "swiss"]
[EventRounds "9"]
[EventCountry "POL"]
[SourceTitle "EXT 2023"]
[Source "ChessBase"]
[SourceDate "2022.10.05"]
[SourceVersion "1"]
[SourceVersionDate "2022.10.05"]
[SourceQuality "1"]

1. e4 c5 2. Nf3 d6 3. d4 cxd4 4. Nxd4 Nf6 5. Nc3 a6 6. Bg5 e6 7. f4 Be7 8. Qf3 h6 9. Bh4 Qc7 10. 0-0-0 Nbd7 11. Bg3 Rb8 12. e5 dxe5 13. fxe5 Nxe5 14. Qe2 Nfd7 15. Re1 Bd6 16. Ne4 Bb4 17. c3 Be7 18. Nd2 Bd6 19. N2f3 f6 20. Nxe6 Qa5 21. Nxg7+ Kf8 22. Ne6+ Kf7 23. Nfd4 Qxa2 24. Qh5+ Ke7 25. Nf4 Nc5 26. Ng6+ Kd8 27. Nxe5 fxe5 28. Bxe5 Qa1+ 29. Kc2 Qxe1 30. Bxd6 Qe4+ 31. Kd2 Nd7 32. Be2 Nf6 33. Qf7 Nd5 34. Bf3 Qe3+ 35. Kc2 Qf2+ 36. Kb3 Bd7 37. Qxd5 Bc6 38. Qe5 Re8 39. Bc7+ 1-0

[Event "Krakow Malopolski-chA"]
[Site "Krakow"]
[Date "2008.05.01"]
[Round "6.5"]
[White "Wierzbicka, Wiktoria"]
[Black "Kalinin, Oleg"]
[Result "0-1"]
[WhiteElo "1998"]
[BlackElo "2347"]
[PlyCount "64"]
[EventDate "2008.04.28"]
[EventType "swiss"]
[EventRounds "9"]
[EventCountry "POL"]
[SourceTitle "EXT 2023"]
[Source "ChessBase"]
[SourceDate "2022.10.05"]
[SourceVersion "1"]
[SourceVersionDate "2022.10.05"]
[SourceQuality "1"]

1. e4 c5 2. Nf3 a6 3. d4 cxd4 4. Nxd4 Nf6 5. Nc3 e5 6. Nb3 Bb4 7. Bd3 d5 8. exd5 Qxd5 9. 0-0 Bxc3 10. bxc3 0-0 11. Qe2 Nbd7 12. Ba3 Re8 13. Rad1 Qc6 14. Bf5 Nf8 15. Bxc8 Raxc8 16. Rd3 Ng6 17. Bc1 Nd5 18. Qg4 Nxc3 19. h4 f5 20. Qxf5 Qxg2+ 21. Kxg2 Nxh4+ 22. Kh2 Nxf5 23. Bd2 Ne4 24. c3 Red8 25. Rxd8+ Rxd8 26. Be1 Rd1 27. f4 Neg3 28. Rg1 exf4 29. Bxg3 fxg3+ 30. Kh1 Rxg1+ 31. Kxg1 b6 32. Kg2 Kf7 0-1